| 000 | 00509 a2200169 4500 | ||
|---|---|---|---|
| 003 | OSt | ||
| 005 | 20221102161101.0 | ||
| 008 | 221031b ||||| |||| 00| 0 eng d | ||
| 020 | _a9780195811946 | ||
| 040 | _coclc | ||
| 082 |
_a641.370954 _bDES/O |
||
| 100 |
_99196 _a De, Sukumar |
||
| 245 |
_aOutlines of dairy technology / _cDe, Sukumar |
||
| 260 |
_aNew Delhi: _bOxford university press. _c2022. |
||
| 300 | _a539 pages | ||
| 942 |
_2ddc _cBK _h641.370954 _iDES/O _k641.370954 _mDES/O |
||
| 999 |
_c41654 _d41654 |
||